Sketching & Rendering: Techniques For Product Designers (Record no. 355789)
[ view plain ]
| 000 -LEADER | |
|---|---|
| fixed length control field | 00666nam a22001817a 4500 |
| 005 - DATE AND TIME OF LATEST TRANSACTION | |
| control field | 20230814155609.0 |
| 008 - FIXED-LENGTH DATA ELEMENTS--GENERAL INFORMATION | |
| fixed length control field | 230814b |||||||| |||| 00| 0 eng d |
| 020 ## - INTERNATIONAL STANDARD BOOK NUMBER | |
| International Standard Book Number | 9789810 879570 |
| 041 ## - LANGUAGE CODE | |
| Language code of text/sound track or separate title | eng |
| 082 ## - DEWEY DECIMAL CLASSIFICATION NUMBER | |
| Classification number | 720.22 |
| Item number | JUL/ALB |
| 100 ## - MAIN ENTRY--PERSONAL NAME | |
| Author | Julian F |
| 245 ## - TITLE STATEMENT | |
| Title | Sketching & Rendering: Techniques For Product Designers |
| 260 ## - PUBLICATION, DISTRIBUTION, ETC. | |
| Place of publication, distribution, etc. | Singapure |
| Name of publisher, distributor, etc. | Dasheer Publishers |
| Date of publication, distribution, etc. | 2011 |
| 300 ## - PHYSICAL DESCRIPTION | |
| Extent | 192p |
| Other physical details | Hb |
| Dimensions | 29.5 x 24 |
| 365 ## - TRADE PRICE | |
| Price type code | INR |
| Price amount | 2201.85 |
| Currency code | Rupaye |
| 500 ## - GENERAL NOTE | |
| Keywords | The First Lines Basic Exercises<br/>The First IdeasOf The Crestive Process<br/>Describing The Object And Its Background<br/>TheTechnical Drawing: ConstructiveAnd Development Drawing<br/><br/><br/> |
| 942 ## - ADDED ENTRY ELEMENTS (KOHA) | |
| Koha item type | Books |
| Withdrawn status | Lost status | Source of classification or shelving scheme | Damaged status | Not for loan | Collection code | Home library | Current library | Date acquired | Vendor | Budget Code | Net Price | Bill number | Full call number | Barcode | Date last seen | Discount | Actual Price | Bill Date | Koha item type | Original Barcode |
|---|---|---|---|---|---|---|---|---|---|---|---|---|---|---|---|---|---|---|---|---|
| Dewey Decimal Classification | Book of Digital Architecture | Dr. Bhanuben Nanavati College of Architecture | Dr. Bhanuben Nanavati College of Architecture | 14/08/2023 | Word Book Shop | B Arch | 2201.85 | 803 | 720.22 JUL/ALB | BNCA-BK-12262 | 14/08/2023 | 37% | 3495.00 | 14/08/2023 | Reference book | BK12262 |